000 004120000a22001570004500
003 MACL
005 20150704161216.0
008 150704b xxu||||| |||| 00| 0 eng d
040 _aMACL
_cMACL
041 _aEnglish
100 _aKaranth, Prathibha
_9686
245 _aChildren with Communication Disorders
260 _bOrient Blackswan
_c2009
_aNew Delhi
650 _aSociology
_919
942 _cBK
_k301/KAR
_2ddc
999 _c41026
_d41026